Umm el-Qaab VIII : Das Grab des Königs Peribsen : Archäologie und Architektur /
Main Author:
Format: Book
Language: German
Published:
Wiesbaden :
Harrassowitz Verlag,
2020.
Series:
Archaologische Veroffentlichungen (Deutsches Archaologisches Institut. Abteilung Kairo) ;
128.
ArchVer ;
128.
Subjects:
Tags: Add Tag
Call Number: ( F )DT57 .D47 v.128
| LEADER | 01115nam a22002777a 4500 | ||
|---|---|---|---|
| 003 | OSt | ||
| 005 | 20260521074808.0 | ||
| 008 | 260511s2020 gw aef b 000 0 ger d | ||
| 020 | |a 9783447113441 | ||
| 040 | |c ARCE Library | ||
| 043 | |a f-ua--- | ||
| 050 | 4 | |a ( F )DT57 .D47 v.128 | |
| 100 | 1 | |a Lacher-Raschdorff, Claudia M., |e author | |
| 245 | 1 | 0 | |a Umm el-Qaab VIII : |p Das Grab des Königs Peribsen : Archäologie und Architektur / |c von Claudia Lacher-Raschdorff. |
| 264 | 1 | |a Wiesbaden : |b Harrassowitz Verlag, |c 2020. | |
| 300 | |a 129 pages, 25 pages of plates : |b illustrations (chiefly color), plans ; |c 36 cm + |e 5 plans. | ||
| 490 | 0 | |a Archaologische Veroffentlichungen (Deutsches Archaologisches Institut. Abteilung Kairo) ; |v 128. | |
| 490 | 0 | |a ArchVer ; |v 128. | |
| 504 | |a Includes bibliographical references. | ||
| 650 | 0 | |a Stele (Archaeology) |z Egypt |z Umm al-Qaʻab. | |
| 650 | 0 | |a Sepulchral monuments |z Egypt |z Umm al-Qaʻab. | |
| 650 | 0 | |a Excavations (Archaeology) |z Egypt |z Umm al-Qaʻab. | |
| 651 | 0 | |a Umm al-Qaʻab (Egypt) |x Antiquities. | |
| 901 | |a reviewed | ||
| 942 | |2 lcc |c BK | ||
| 999 | |c 62239 |d 62239 | ||
